|
|
|
|
| LEADER |
00000naa a2200000uu 4500 |
| 001 |
vtls010939902 |
| 003 |
SK-MaSNL |
| 005 |
20260302135939.0 |
| 008 |
210902|2000 xo |||||||||||||||||slo| |
| 015 |
|
|
|a SNBRA
|
| 035 |
|
|
|a (urnnbn)urn:nbn:sk:snk:ar-a0bavf
|
| 035 |
|
|
|a (uuid)3837ca46-3191-4ff7-8532-643f7469fa16
|
| 035 |
|
|
|a urn:nbn:sk:snk-aau35u
|
| 040 |
|
|
|a SNKBUCL
|b slo
|c SNKBUCL
|e AACR2
|
| 041 |
0 |
|
|a slo
|
| 044 |
|
|
|a xo
|c SK
|
| 100 |
1 |
|
|a Wieloch, Grzegorz
|4 aut
|9 797343
|
| 245 |
1 |
0 |
|a VPLYV VYBRATÝCH FAKTOROV NA TUHOSŤ PÍLOVÉHO PÁSU STOLÁRSKEJ PÁSOVEJ PÍLY PRI KRIVOČIAROM PÍLENÍ
|c Grzegorz Wieloch, Štefan Barcík
|
| 700 |
1 |
|
|a Barcík, Štefan,
|d 1957-
|4 aut
|9 11426
|
| 773 |
0 |
|
|t Trieskové a beztrieskové obrábanie dreva 2000
|d Vo Zvolene : Technická univerzita, 2000
|g S. 19-28
|z 8022809527
|
| 958 |
|
|
|a OND
|
| 958 |
|
|
|a article11
|
| 958 |
|
|
|a chapter
|
| 999 |
|
|
|c 1328791
|d 1330721
|